| 000 | 00433nam a2200193Ia 4500 | ||
|---|---|---|---|
| 008 | 210210b1921 xxu||||| |||| 00| 0 eng d | ||
| 041 | _aeng | ||
| 082 | _a822/401 | ||
| 100 | _aEMERSON (R W) | ||
| 245 | _aEssays I and II series | ||
| 260 |
_aLondon _bOxford University Press _c1921 |
||
| 650 | _aseries | ||
| 650 | _aII | ||
| 650 | _aI | ||
| 650 | _aEssays | ||
| 650 | _aand | ||
| 690 | _aEnglish Prose | ||
| 906 | _a012587 | ||
| 999 |
_c131393 _d131393 |
||